header

Cursed are you! : (Record no. 83454)

MARC details
000 -LEADER
fixed length control field 01803nam a2200409 i 4500
001 - CONTROL NUMBER
control field ebr10827234
003 - CONTROL NUMBER IDENTIFIER
control field CaPaEBR
006 - FIXED-LENGTH DATA ELEMENTS--ADDITIONAL MATERIAL CHARACTERISTICS--GENERAL INFORMATION
fixed length control field m o d
007 - PHYSICAL DESCRIPTION FIXED FIELD--GENERAL INFORMATION
fixed length control field cr cn|||||||||
008 - FIXED-LENGTH DATA ELEMENTS--GENERAL INFORMATION
fixed length control field 130904s2013 inu ob 001 0 eng d
020 ## - INTERNATIONAL STANDARD BOOK NUMBER
International Standard Book Number 9781575068749 (e-book)
Cancelled/invalid ISBN 9781575062716
040 ## - CATALOGING SOURCE
Original cataloging agency CaPaEBR
Language of cataloging eng
Description conventions rda
-- pn
Transcribing agency CaPaEBR
035 ## - SYSTEM CONTROL NUMBER
System control number (OCoLC)868068786
050 14 - LIBRARY OF CONGRESS CALL NUMBER
Classification number PJ3193
Item number .K57 2013eb
082 04 - DEWEY DECIMAL CLASSIFICATION NUMBER
Classification number 133.4/4
Edition number 23
100 1# - MAIN ENTRY--PERSONAL NAME
Personal name Kitz, Anne Marie.
245 10 - TITLE STATEMENT
Title Cursed are you! :
Remainder of title the phenomenology of cursing in cuneiform and Hebrew texts /
Statement of responsibility, etc by Anne Marie Kitz.
264 #1 - PRODUCTION, PUBLICATION, DISTRIBUTION, MANUFACTURE, AND COPYRIGHT NOTICE
Place of production, publication, distribution, manufacture Winona Lake, Indiana :
Name of producer, publisher, distributor, manufacturer Eisenbrauns,
Date of production, publication, distribution, manufacture, or copyright notice 2013.
300 ## - PHYSICAL DESCRIPTION
Extent 1 online resource (542 pages)
336 ## - CONTENT TYPE
Content type term text
Source rdacontent
337 ## - MEDIA TYPE
Media type term computer
Source rdamedia
338 ## - CARRIER TYPE
Carrier type term online resource
Source rdacarrier
504 ## - BIBLIOGRAPHY, ETC. NOTE
Bibliography, etc Includes bibliographical references and index.
588 ## - SOURCE OF DESCRIPTION NOTE
Source of description note Description based on print version record.
590 ## - LOCAL NOTE (RLIN)
Local note Electronic reproduction. Palo Alto, Calif. : ebrary, 2014. Available via World Wide Web. Access may be limited to ebrary affiliated libraries.
630 00 - SUBJECT ADDED ENTRY--UNIFORM TITLE
Uniform title Bible.
Name of part/section of a work Old Testament
General subdivision Criticism, interpretation, etc.
650 #0 - SUBJECT ADDED ENTRY--TOPICAL TERM
Topical term or geographic name as entry element Blessing and cursing
Geographic subdivision Middle East
General subdivision History.
Topical term or geographic name as entry element Cuneiform inscriptions, Akkadian.
Topical term or geographic name as entry element Akkadian language
General subdivision Semantics.
Topical term or geographic name as entry element Hebrew language
General subdivision Semantics, Historical.
Topical term or geographic name as entry element Phenomenology.
655 #0 - INDEX TERM--GENRE/FORM
Genre/form data or focus term Electronic books.
776 08 - ADDITIONAL PHYSICAL FORM ENTRY
Display text Print version:
Main entry heading Kitz, Anne Marie.
Title Cursed are you! : the phenomenology of cursing in cuneiform and Hebrew texts.
Place, publisher, and date of publication Winona Lake, Indiana : Eisenbrauns, 2013
Physical description xi, 528 pages
International Standard Book Number 9781575062716
Record control number (DLC) 2013035854
797 2# - LOCAL ADDED ENTRY--CORPORATE NAME (RLIN)
Corporate name or jurisdiction name as entry element ebrary.
856 40 - ELECTRONIC LOCATION AND ACCESS
Uniform Resource Identifier <a href="http://site.ebrary.com/lib/rucke/Doc?id=10827234">http://site.ebrary.com/lib/rucke/Doc?id=10827234</a>
Public note An electronic book accessible through the World Wide Web; click to view

No items available.

© 2026 Rongo University
Contact us: librarian | system librarian | Rongo university